Normal view
MARC view
- Samina Parveen
Entry Personal Name
001 - CONTROL NUMBER
- control field: 20760
003 - CONTROL NUMBER IDENTIFIER
- control field: NUST
005 - DATE AND TIME OF LATEST TRANSACTION
- control field: 20190916115107.0
008 - FIXED-LENGTH DATA ELEMENTS
- fixed length control field: 190916|| aca||aabn | a|a d
040 ## - CATALOGING SOURCE
- Original cataloging agency: NUST
- Transcribing agency: NUST
100 ## - HEADING--PERSONAL NAME
- Personal name: Samina Parveen
670 ## - SOURCE DATA FOUND
- Source citation: Work cat.: (NUST): Samina Parveen, Acute and sub-acute toxicity of chloroform and iodoform (Disinfection by –Products) on common carp (Cyprinus Carpio) (MS Thesis - Env Sci.), 2019
